[Event "Budimex Polish Women's Championship"]
[Site "www.chessmanager.com"]
[Date "2018.05.16"]
[Round "5"]
[White "Kulon, Klaudia"]
[Black "Warakomska, Anna"]
[Result "0-1"]
[Board "2"]
[WhiteElo "2353"]
[WhiteTitle "WGM"]
[WhiteCountry "POL"]
[WhiteFideId "1131044"]
[WhiteEloChange "-12"]
[BlackElo "2295"]
[BlackTitle "WIM"]
[BlackCountry "POL"]
[BlackFideId "1130790"]
[BlackEloChange "12"]

1. f4 {[%clk 1:30:57]} d5 {[%clk 1:29:08]} 2. Nf3 {[%clk 1:31:22]} g6 {[%clk
1:28:37]} 3. g3 {[%clk 1:31:46]} Bg7 {[%clk 1:29:00]} 4. Bg2 {[%clk 1:32:12]} c6
{[%clk 1:28:25]} 5. d3 {[%clk 1:32:02]} Nf6 {[%clk 1:25:27]} 6. Nc3 {[%clk
1:32:20]} O-O {[%clk 1:24:19]} 7. O-O {[%clk 1:32:38]} Na6 {[%clk 1:09:29]} 8. e3
{[%clk 1:24:19]} Nc7 {[%clk 1:01:04]} 9. h3 {[%clk 1:21:56]} a5 {[%clk 0:51:23]}
10. Qe1 {[%clk 1:16:23]} a4 {[%clk 0:46:57]} 11. e4 {[%clk 1:14:11]} dxe4 {[%clk
0:40:30]} 12. dxe4 {[%clk 1:14:12]} a3 {[%clk 0:33:48]} 13. e5 {[%clk 1:14:28]}
axb2 {[%clk 0:33:45]} 14. Bxb2 {[%clk 1:14:54]} Nfd5 {[%clk 0:34:05]} 15. Nxd5
{[%clk 1:05:46]} Nxd5 {[%clk 0:34:08]} 16. c4 {[%clk 1:01:52]} Nb6 {[%clk
0:33:49]} 17. Qb4 {[%clk 0:56:39]} Be6 {[%clk 0:31:26]} 18. Rfd1 {[%clk 0:44:40]}
Qc7 {[%clk 0:31:50]} 19. Nd2 {[%clk 0:44:41]} Ra4 {[%clk 0:30:33]} 20. Qb3 {[%clk
0:45:05]} Rfa8 {[%clk 0:29:27]} 21. Bf1 {[%clk 0:43:27]} Nd7 {[%clk 0:25:41]} 22.
Ne4 {[%clk 0:37:49]} b5 {[%clk 0:23:42]} 23. Ng5 {[%clk 0:28:39]} Bxc4 {[%clk
0:18:41]} 24. Bxc4 {[%clk 0:29:07]} bxc4 {[%clk 0:18:48]} 25. Qc2 {[%clk
0:29:06]} Nc5 {[%clk 0:15:40]} 26. Rd4 {[%clk 0:25:25]} Nd3 {[%clk 0:12:01]} 27.
Rb1 {[%clk 0:20:12]} h6 {[%clk 0:11:08]} 28. Nf3 {[%clk 0:18:45]} Rxa2 {[%clk
0:08:16]} 29. Qxc4 {[%clk 0:12:48]} Nxb2 {[%clk 0:08:39]} 30. Qe2 {[%clk
0:13:12]} Qb6 {[%clk 0:07:28]} 31. Qf2 {[%clk 0:11:51]} Ra1 {[%clk 0:07:13]} 32.
Rxa1 {[%clk 0:11:53]} Rxa1+ {[%clk 0:07:40]} 33. Kg2 {[%clk 0:12:20]} Ra4 {[%clk
0:07:15]} 34. h4 {[%clk 0:11:11]} Rxd4 {[%clk 0:07:36]} 35. Nxd4 {[%clk 0:11:40]}
c5 {[%clk 0:07:27]} 36. Nf3 {[%clk 0:11:39]} Nd3 {[%clk 0:07:17]} 37. Qe3 {[%clk
0:12:01]} Qb2+ {[%clk 0:07:26]} 38. Nd2 {[%clk 0:11:55]} c4 {[%clk 0:06:14]} 39.
Kf3 {[%clk 0:12:21]} c3 {[%clk 0:03:58]} 40. Nc4 {[%clk 0:42:31]} Qb1 {[%clk
0:33:35]} 0-1

[Event "Budimex Polish Women's Championship"]
[Site "www.chessmanager.com"]
[Date "2018.05.16"]
[Round "5"]
[White "Sliwicka, Alicja"]
[Black "Socko, Monika"]
[Result "0-1"]
[Board "3"]
[WhiteElo "2261"]
[WhiteTitle "WFM"]
[WhiteCountry "POL"]
[WhiteFideId "1150677"]
[WhiteEloChange "-5"]
[BlackElo "2458"]
[BlackTitle "GM"]
[BlackCountry "POL"]
[BlackFideId "1106619"]
[BlackEloChange "2"]

1. d4 {[%clk 1:30:58]} Nf6 {[%clk 1:29:56]} 2. c4 {[%clk 1:31:23]} e6 {[%clk
1:30:03]} 3. Nc3 {[%clk 1:31:47]} Bb4 {[%clk 1:29:41]} 4. Qc2 {[%clk 1:32:11]}
O-O {[%clk 1:29:11]} 5. a3 {[%clk 1:32:37]} Bxc3+ {[%clk 1:29:26]} 6. Qxc3 {[%clk
1:32:52]} d6 {[%clk 1:29:50]} 7. Bg5 {[%clk 1:33:13]} Nbd7 {[%clk 1:30:11]} 8. e3
{[%clk 1:33:10]} b6 {[%clk 1:29:47]} 9. Bd3 {[%clk 1:33:06]} Bb7 {[%clk 1:29:42]}
10. f3 {[%clk 1:33:28]} c5 {[%clk 1:25:41]} 11. Ne2 {[%clk 1:33:49]} Rc8 {[%clk
1:25:44]} 12. Qd2 {[%clk 1:34:04]} h6 {[%clk 1:18:44]} 13. Bh4 {[%clk 1:34:26]}
cxd4 {[%clk 1:17:01]} 14. exd4 {[%clk 1:34:39]} d5 {[%clk 1:17:17]} 15. cxd5
{[%clk 1:31:06]} Bxd5 {[%clk 1:16:14]} 16. O-O {[%clk 1:29:12]} Bc4 {[%clk
1:12:17]} 17. Rac1 {[%clk 1:19:10]} b5 {[%clk 1:05:17]} 18. Bc2 {[%clk 1:04:06]}
Qb6 {[%clk 0:53:55]} 19. Rfd1 {[%clk 1:03:57]} a5 {[%clk 0:51:14]} 20. b3 {[%clk
0:52:12]} Bxe2 {[%clk 0:48:05]} 21. Qxe2 {[%clk 0:52:37]} Nd5 {[%clk 0:47:31]}
22. Qd2 {[%clk 0:40:51]} b4 {[%clk 0:45:37]} 23. a4 {[%clk 0:37:53]} Rc3 {[%clk
0:43:31]} 24. Bf2 {[%clk 0:35:28]} Rfc8 {[%clk 0:39:05]} 25. Bd3 {[%clk 0:34:25]}
Qd8 {[%clk 0:39:17]} 26. Ba6 {[%clk 0:26:14]} R8c7 {[%clk 0:37:21]} 27. Bg3
{[%clk 0:24:36]} Ra7 {[%clk 0:37:10]} 28. Bc4 {[%clk 0:22:33]} N7b6 {[%clk
0:36:26]} 29. Qe2 {[%clk 0:21:04]} Nxc4 {[%clk 0:27:56]} 30. bxc4 {[%clk
0:21:27]} Rxc1 {[%clk 0:28:13]} 31. Rxc1 {[%clk 0:21:40]} Nc3 {[%clk 0:28:40]}
32. Qc2 {[%clk 0:20:58]} Rd7 {[%clk 0:24:29]} 33. Bf2 {[%clk 0:21:14]} Qc8 {[%clk
0:24:39]} 34. c5 {[%clk 0:20:31]} Qc6 {[%clk 0:24:40]} 35. Ra1 {[%clk 0:18:33]}
Qa6 {[%clk 0:23:28]} 36. Re1 {[%clk 0:13:39]} Qc4 {[%clk 0:23:30]} 37. Rc1 {[%clk
0:13:52]} Rd5 {[%clk 0:18:55]} 38. Kh1 {[%clk 0:13:55]} Rd7 {[%clk 0:14:29]} 39.
h3 {[%clk 0:13:15]} Rb7 {[%clk 0:13:20]} 40. Kh2 {[%clk 0:38:34]} Rc7 {[%clk
0:39:42]} 41. Bg3 {[%clk 0:34:46]} Rc8 {[%clk 0:36:23]} 42. Bf2 {[%clk 0:34:40]}
Qd5 {[%clk 0:33:46]} 43. Re1 {[%clk 0:34:12]} Qd7 {[%clk 0:32:38]} 44. Ra1 {[%clk
0:34:33]} Re8 {[%clk 0:31:15]} 45. Qb3 {[%clk 0:29:47]} Rb8 {[%clk 0:24:13]} 46.
Bg3 {[%clk 0:26:51]} Rb7 {[%clk 0:24:05]} 47. Qc4 {[%clk 0:25:32]} Qc6 {[%clk
0:24:31]} 48. Qb3 {[%clk 0:24:44]} Rd7 {[%clk 0:23:22]} 49. Bf2 {[%clk 0:24:41]}
h5 {[%clk 0:21:08]} 50. Qc2 {[%clk 0:24:06]} Rd5 {[%clk 0:20:48]} 51. h4 {[%clk
0:21:41]} Qd7 {[%clk 0:18:51]} 52. Kh1 {[%clk 0:19:03]} Qd8 {[%clk 0:17:57]} 53.
Rf1 {[%clk 0:14:16]} Rxd4 {[%clk 0:13:36]} 54. Bxd4 {[%clk 0:14:31]} Qxh4+ {[%clk
0:14:02]} 55. Kg1 {[%clk 0:14:56]} Qxd4+ {[%clk 0:14:29]} 56. Qf2 {[%clk
0:15:04]} Qc4 {[%clk 0:14:55]} 57. Kh1 {[%clk 0:14:13]} Nxa4 {[%clk 0:13:26]} 58.
Ra1 {[%clk 0:13:56]} b3 {[%clk 0:13:14]} 59. Qe1 {[%clk 0:07:56]} Nxc5 {[%clk
0:08:20]} 60. Qxa5 {[%clk 0:06:57]} b2 {[%clk 0:07:42]} 61. Rd1 {[%clk 0:06:02]}
Qc2 {[%clk 0:06:45]} 62. Qe1 {[%clk 0:05:49]} Nd3 {[%clk 0:06:43]} 0-1

[Event "Budimex Polish Women's Championship"]
[Site "www.chessmanager.com"]
[Date "2018.05.16"]
[Round "5"]
[White "Rajlich, Iweta"]
[Black "Bartel, Marta"]
[Result "1/2-1/2"]
[Board "4"]
[WhiteElo "2389"]
[WhiteTitle "IM"]
[WhiteCountry "POL"]
[WhiteFideId "1108166"]
[WhiteEloChange "-3"]
[BlackElo "2280"]
[BlackTitle "WGM"]
[BlackCountry "POL"]
[BlackFideId "1123009"]
[BlackEloChange "3"]

1. b3 {[%clk 1:30:39]} d5 {[%clk 1:30:51]} 2. Bb2 {[%clk 1:31:05]} Bg4 {[%clk
1:31:16]} 3. h3 {[%clk 1:31:31]} Bh5 {[%clk 1:31:36]} 4. Nf3 {[%clk 1:31:54]} e6
{[%clk 1:31:24]} 5. d4 {[%clk 1:27:28]} Bxf3 {[%clk 1:29:03]} 6. exf3 {[%clk
1:27:10]} Nf6 {[%clk 1:29:28]} 7. f4 {[%clk 1:26:46]} g6 {[%clk 1:29:22]} 8. Nd2
{[%clk 1:26:48]} Nbd7 {[%clk 1:29:19]} 9. Bd3 {[%clk 1:21:43]} Bg7 {[%clk
1:28:45]} 10. Qe2 {[%clk 1:18:29]} O-O {[%clk 1:24:06]} 11. Qe3 {[%clk 1:02:58]}
c6 {[%clk 1:18:08]} 12. g4 {[%clk 0:54:38]} Qc7 {[%clk 1:15:34]} 13. Kf1 {[%clk
0:41:24]} Rfc8 {[%clk 0:57:07]} 14. Re1 {[%clk 0:37:28]} Ne8 {[%clk 0:52:58]} 15.
Nf3 {[%clk 0:32:13]} Nd6 {[%clk 0:42:32]} 16. Ne5 {[%clk 0:28:20]} Nf6 {[%clk
0:35:02]} 17. Kg2 {[%clk 0:27:50]} a5 {[%clk 0:34:11]} 18. c4 {[%clk 0:24:49]}
dxc4 {[%clk 0:31:12]} 19. bxc4 {[%clk 0:25:02]} b5 {[%clk 0:31:26]} 20. g5 {[%clk
0:23:06]} Nh5 {[%clk 0:30:05]} 21. c5 {[%clk 0:22:06]} Bxe5 {[%clk 0:22:58]} 22.
dxe5 {[%clk 0:20:06]} Ne8 {[%clk 0:20:51]} 23. Be4 {[%clk 0:18:31]} Rd8 {[%clk
0:19:27]} 24. Rd1 {[%clk 0:19:00]} Rd5 {[%clk 0:17:53]} 25. f5 {[%clk 0:17:27]}
gxf5 {[%clk 0:15:59]} 26. Bf3 {[%clk 0:16:38]} Nhg7 {[%clk 0:12:09]} 27. h4
{[%clk 0:14:12]} f4 {[%clk 0:09:06]} 28. Qxf4 {[%clk 0:14:14]} Rxc5 {[%clk
0:09:08]} 29. Rc1 {[%clk 0:14:13]} Rd5 {[%clk 0:05:33]} 30. Bxd5 {[%clk 0:12:09]}
exd5 {[%clk 0:06:03]} 31. Qg4 {[%clk 0:12:15]} c5 {[%clk 0:05:02]} 32. f4 {[%clk
0:10:34]} d4 {[%clk 0:05:11]} 33. Bxd4 {[%clk 0:10:32]} Qb7+ {[%clk 0:05:31]} 34.
Qf3 {[%clk 0:10:58]} Qxf3+ {[%clk 0:05:57]} 35. Kxf3 {[%clk 0:11:27]} cxd4 {[%clk
0:06:26]} 36. Ke4 {[%clk 0:11:48]} Nh5 {[%clk 0:05:33]} 37. Rh3 {[%clk 0:08:10]}
Neg7 {[%clk 0:04:43]} 38. f5 {[%clk 0:07:42]} Rd8 {[%clk 0:03:33]} 39. Rd3 {[%clk
0:04:29]} Rb8 {[%clk 0:02:45]} 40. Rg1 {[%clk 0:32:58]} Rd8 {[%clk 0:32:57]} 41.
Rxd4 {[%clk 0:29:46]} Ng3+ {[%clk 0:27:29]} 42. Rxg3 {[%clk 0:21:45]} Rxd4+
{[%clk 0:27:55]} 43. Kxd4 {[%clk 0:22:10]} Nxf5+ {[%clk 0:28:21]} 44. Kc5 {[%clk
0:22:32]} Nxg3 {[%clk 0:28:48]} 45. Kxb5 {[%clk 0:22:58]} Ne4 {[%clk 0:10:25]}
46. Kxa5 {[%clk 0:22:55]} Nc3 {[%clk 0:10:41]} 47. a3 {[%clk 0:22:42]} Kf8 {[%clk
0:08:47]} 48. Kb4 {[%clk 0:23:09]} Nd5+ {[%clk 0:08:48]} 49. Kc5 {[%clk 0:19:35]}
Nc3 {[%clk 0:07:58]} 50. Kb4 {[%clk 0:16:36]} Nd5+ {[%clk 0:08:18]} 51. Kc5
{[%clk 0:16:54]} Nc3 {[%clk 0:08:46]} 52. Kb4 {[%clk 0:14:02]} 1/2-1/2

[Event "Budimex Polish Women's Championship"]
[Site "www.chessmanager.com"]
[Date "2018.05.16"]
[Round "5"]
[White "Zawadzka, Jolanta"]
[Black "Szczepkowska, Karina"]
[Result "1-0"]
[Board "5"]
[WhiteElo "2424"]
[WhiteTitle "WGM"]
[WhiteCountry "POL"]
[WhiteFideId "1122320"]
[WhiteEloChange "5"]
[BlackElo "2404"]
[BlackTitle "IM"]
[BlackCountry "POL"]
[BlackFideId "1122681"]
[BlackEloChange "-5"]

1. e4 {[%clk 1:30:57]} e5 {[%clk 1:30:45]} 2. Nf3 {[%clk 1:31:22]} Nc6 {[%clk
1:31:11]} 3. d4 {[%clk 1:31:47]} exd4 {[%clk 1:31:31]} 4. Nxd4 {[%clk 1:32:11]}
Nf6 {[%clk 1:31:45]} 5. Nxc6 {[%clk 1:32:35]} bxc6 {[%clk 1:32:11]} 6. e5 {[%clk
1:32:58]} Qe7 {[%clk 1:32:33]} 7. Qe2 {[%clk 1:33:22]} Nd5 {[%clk 1:32:58]} 8. h4
{[%clk 1:33:46]} d6 {[%clk 1:18:13]} 9. c4 {[%clk 1:34:05]} Nb6 {[%clk 1:17:38]}
10. exd6 {[%clk 1:34:28]} cxd6 {[%clk 1:16:57]} 11. Be3 {[%clk 1:34:51]} Be6
{[%clk 1:16:07]} 12. Qc2 {[%clk 1:35:10]} Qd7 {[%clk 1:11:16]} 13. Bd3 {[%clk
1:22:47]} d5 {[%clk 1:05:08]} 14. c5 {[%clk 1:11:51]} d4 {[%clk 1:03:23]} 15. Bd2
{[%clk 1:08:15]} Nd5 {[%clk 1:03:20]} 16. O-O {[%clk 1:08:31]} Be7 {[%clk
0:59:14]} 17. Na3 {[%clk 1:06:59]} Bxh4 {[%clk 0:50:04]} 18. Nc4 {[%clk 1:05:06]}
Be7 {[%clk 0:46:24]} 19. Ne5 {[%clk 1:03:03]} Qc7 {[%clk 0:45:27]} 20. Rae1
{[%clk 1:01:13]} Ne3 {[%clk 0:30:46]} 21. fxe3 {[%clk 0:49:25]} Qxe5 {[%clk
0:31:06]} 22. Qa4 {[%clk 0:49:48]} O-O {[%clk 0:26:37]} 23. exd4 {[%clk 0:49:57]}
Qc7 {[%clk 0:24:10]} 24. Be4 {[%clk 0:45:25]} Rac8 {[%clk 0:22:34]} 25. Qc2
{[%clk 0:39:15]} h6 {[%clk 0:22:05]} 26. Qc3 {[%clk 0:34:45]} Bh4 {[%clk
0:18:08]} 27. Re2 {[%clk 0:33:00]} Bg4 {[%clk 0:17:03]} 28. Bf4 {[%clk 0:31:34]}
Qd7 {[%clk 0:15:37]} 29. Rd2 {[%clk 0:31:30]} Rfe8 {[%clk 0:15:12]} 30. Qc2
{[%clk 0:26:18]} Bf6 {[%clk 0:11:50]} 31. d5 {[%clk 0:23:46]} cxd5 {[%clk
0:07:16]} 32. Bxd5 {[%clk 0:24:06]} Qe7 {[%clk 0:04:58]} 33. b4 {[%clk 0:24:05]}
Kh8 {[%clk 0:04:59]} 34. Qb3 {[%clk 0:22:08]} Red8 {[%clk 0:03:21]} 35. a3 {[%clk
0:18:17]} h5 {[%clk 0:03:02]} 36. Qg3 {[%clk 0:14:36]} a5 {[%clk 0:01:41]} 37.
Bd6 {[%clk 0:14:24]} Qa7 {[%clk 0:01:05]} 38. Rxf6 {[%clk 0:13:37]} gxf6 {[%clk
0:01:30]} 39. Qf4 {[%clk 0:14:01]} Kg7 {[%clk 0:01:29]} 40. Rf2 {[%clk 0:44:03]}
f5 {[%clk 0:31:30]} 41. Qg5+ {[%clk 0:28:53]} Kh7 {[%clk 0:31:46]} 42. Rxf5
{[%clk 0:28:31]} Rg8 {[%clk 0:28:04]} 43. Qf4 {[%clk 0:28:18]} Bxf5 {[%clk
0:26:57]} 44. Qxf5+ {[%clk 0:28:42]} Kg7 {[%clk 0:23:01]} 45. Be5+ {[%clk
0:26:51]} Kh6 {[%clk 0:23:16]} 46. Bf4+ {[%clk 0:27:07]} Kg7 {[%clk 0:23:39]} 47.
Qg5+ {[%clk 0:27:29]} 1-0

[Event "Budimex Polish Women's Championship"]
[Site "www.chessmanager.com"]
[Date "2018.05.17"]
[Round "6"]
[White "Bartel, Marta"]
[Black "Zawadzka, Jolanta"]
[Result "0-1"]
[Board "2"]
[WhiteElo "2280"]
[WhiteTitle "WGM"]
[WhiteCountry "POL"]
[WhiteFideId "1123009"]
[WhiteEloChange "-6"]
[BlackElo "2424"]
[BlackTitle "WGM"]
[BlackCountry "POL"]
[BlackFideId "1122320"]
[BlackEloChange "3"]

1. d4 {[%clk 1:30:45]} d5 {[%clk 1:30:46]} 2. g3 {[%clk 1:31:04]} Nf6 {[%clk
1:30:50]} 3. Bg2 {[%clk 1:31:28]} e6 {[%clk 1:30:54]} 4. Nf3 {[%clk 1:31:52]} b5
{[%clk 1:31:08]} 5. O-O {[%clk 1:32:12]} Bb7 {[%clk 1:31:22]} 6. a4 {[%clk
1:32:35]} b4 {[%clk 1:31:15]} 7. a5 {[%clk 1:32:59]} Ba6 {[%clk 1:25:56]} 8. Ne5
{[%clk 1:27:08]} Bd6 {[%clk 1:21:18]} 9. c3 {[%clk 1:18:25]} O-O {[%clk 1:13:38]}
10. cxb4 {[%clk 1:02:44]} Bxb4 {[%clk 1:13:40]} 11. Qc2 {[%clk 1:01:11]} Qe7
{[%clk 1:04:32]} 12. Be3 {[%clk 0:57:22]} Rc8 {[%clk 1:00:34]} 13. Rc1 {[%clk
0:54:46]} Nfd7 {[%clk 0:59:04]} 14. Nd3 {[%clk 0:43:56]} Bxd3 {[%clk 0:59:01]}
15. Qxd3 {[%clk 0:44:08]} c5 {[%clk 0:59:00]} 16. dxc5 {[%clk 0:42:05]} Nc6
{[%clk 0:56:47]} 17. Ra4 {[%clk 0:33:56]} Nxc5 {[%clk 0:41:47]} 18. Bxc5 {[%clk
0:34:13]} Bxc5 {[%clk 0:42:13]} 19. e3 {[%clk 0:25:25]} Rab8 {[%clk 0:37:26]} 20.
Qe2 {[%clk 0:25:28]} Ne5 {[%clk 0:36:22]} 21. Rd1 {[%clk 0:18:56]} Nc4 {[%clk
0:34:13]} 22. Ra2 {[%clk 0:18:03]} Qf6 {[%clk 0:33:19]} 23. Nc3 {[%clk 0:12:56]}
Nxb2 {[%clk 0:27:43]} 24. Rxb2 {[%clk 0:13:15]} Qxc3 {[%clk 0:27:49]} 25. Rxb8
{[%clk 0:13:26]} Rxb8 {[%clk 0:28:13]} 26. Qd2 {[%clk 0:13:08]} Qa3 {[%clk
0:25:56]} 27. Bf1 {[%clk 0:12:00]} Bb4 {[%clk 0:20:33]} 28. Qd4 {[%clk 0:10:24]}
Qxa5 {[%clk 0:20:37]} 29. Ra1 {[%clk 0:08:38]} Qb6 {[%clk 0:20:50]} 30. Qxb6
{[%clk 0:07:30]} axb6 {[%clk 0:21:16]} 31. Bb5 {[%clk 0:07:22]} g6 {[%clk
0:20:28]} 32. Ra7 {[%clk 0:07:26]} Kg7 {[%clk 0:17:24]} 33. Kg2 {[%clk 0:07:21]}
Kf6 {[%clk 0:17:30]} 34. Kf3 {[%clk 0:06:09]} Rc8 {[%clk 0:14:07]} 35. Rb7 {[%clk
0:05:41]} Bc5 {[%clk 0:14:27]} 36. Bd7 {[%clk 0:05:52]} Rd8 {[%clk 0:14:17]} 37.
Bb5 {[%clk 0:05:20]} g5 {[%clk 0:13:33]} 38. g4 {[%clk 0:05:18]} Rh8 {[%clk
0:10:19]} 39. h3 {[%clk 0:05:12]} h5 {[%clk 0:09:57]} 40. Ra7 {[%clk 0:32:46]}
hxg4+ {[%clk 0:39:18]} 41. hxg4 {[%clk 0:32:01]} d4 {[%clk 0:37:44]} 42. exd4
{[%clk 0:30:13]} Bxd4 {[%clk 0:38:07]} 43. Rd7 {[%clk 0:24:05]} Bc5 {[%clk
0:38:19]} 44. Kg3 {[%clk 0:24:00]} Ra8 {[%clk 0:37:48]} 45. Rd2 {[%clk 0:20:21]}
Ra3+ {[%clk 0:36:30]} 46. Kg2 {[%clk 0:20:41]} Rb3 {[%clk 0:34:56]} 47. Bc4
{[%clk 0:20:56]} Rb4 {[%clk 0:34:50]} 48. Rc2 {[%clk 0:21:23]} Ke5 {[%clk
0:34:59]} 49. Kf3 {[%clk 0:21:09]} Kd4 {[%clk 0:33:48]} 50. Bf1 {[%clk 0:21:12]}
Kd5 {[%clk 0:31:16]} 51. Bg2 {[%clk 0:19:57]} Rd4 {[%clk 0:27:55]} 52. Kg3+
{[%clk 0:17:52]} Kd6 {[%clk 0:28:12]} 53. Bf1 {[%clk 0:18:08]} Rd1 {[%clk
0:23:40]} 54. Be2 {[%clk 0:17:55]} Rb1 {[%clk 0:23:50]} 55. f4 {[%clk 0:16:50]}
Rb3+ {[%clk 0:22:14]} 56. Bf3 {[%clk 0:16:56]} gxf4+ {[%clk 0:22:32]} 57. Kxf4
{[%clk 0:17:25]} e5+ {[%clk 0:22:47]} 0-1

[Event "Budimex Polish Women's Championship"]
[Site "www.chessmanager.com"]
[Date "2018.05.17"]
[Round "6"]
[White "Socko, Monika"]
[Black "Rajlich, Iweta"]
[Result "1-0"]
[Board "3"]
[WhiteElo "2458"]
[WhiteTitle "GM"]
[WhiteCountry "POL"]
[WhiteFideId "1106619"]
[WhiteEloChange "4"]
[BlackElo "2389"]
[BlackTitle "IM"]
[BlackCountry "POL"]
[BlackFideId "1108166"]
[BlackEloChange "-8"]

1. d4 {[%clk 1:30:57]} d6 {[%clk 1:30:56]} 2. Nf3 {[%clk 1:30:43]} f5 {[%clk
1:30:25]} 3. g3 {[%clk 1:29:52]} Nf6 {[%clk 1:30:28]} 4. Bg2 {[%clk 1:29:59]} g6
{[%clk 1:30:46]} 5. c4 {[%clk 1:29:47]} Bg7 {[%clk 1:31:12]} 6. O-O {[%clk
1:28:28]} O-O {[%clk 1:31:37]} 7. d5 {[%clk 1:27:37]} Na6 {[%clk 1:28:24]} 8. Nc3
{[%clk 1:22:40]} Nc5 {[%clk 1:22:12]} 9. Be3 {[%clk 1:20:22]} e6 {[%clk 1:04:59]}
10. Rc1 {[%clk 1:06:34]} Qe7 {[%clk 0:57:12]} 11. dxe6 {[%clk 0:55:27]} c6 {[%clk
0:49:31]} 12. b4 {[%clk 0:47:14]} Nce4 {[%clk 0:41:56]} 13. Nxe4 {[%clk 0:42:45]}
Nxe4 {[%clk 0:41:19]} 14. Bd4 {[%clk 0:43:04]} Bh6 {[%clk 0:40:59]} 15. e3 {[%clk
0:38:58]} Bxe6 {[%clk 0:37:38]} 16. Nd2 {[%clk 0:36:56]} c5 {[%clk 0:37:11]} 17.
Ba1 {[%clk 0:36:16]} Nf6 {[%clk 0:36:04]} 18. Qb3 {[%clk 0:35:18]} Rad8 {[%clk
0:35:45]} 19. Rfd1 {[%clk 0:33:46]} b6 {[%clk 0:35:33]} 20. b5 {[%clk 0:32:12]}
g5 {[%clk 0:33:15]} 21. f4 {[%clk 0:30:43]} Bc8 {[%clk 0:27:21]} 22. Qd3 {[%clk
0:28:37]} Rfe8 {[%clk 0:26:11]} 23. Nf3 {[%clk 0:23:41]} Ne4 {[%clk 0:22:36]} 24.
Re1 {[%clk 0:24:07]} Bb7 {[%clk 0:21:26]} 25. fxg5 {[%clk 0:21:09]} Bg7 {[%clk
0:15:50]} 26. Bxg7 {[%clk 0:20:22]} Kxg7 {[%clk 0:15:21]} 27. Rf1 {[%clk
0:19:35]} Rf8 {[%clk 0:14:38]} 28. Nh4 {[%clk 0:17:04]} Qxg5 {[%clk 0:11:56]} 29.
Rf4 {[%clk 0:17:25]} d5 {[%clk 0:11:03]} 30. Rcf1 {[%clk 0:14:24]} dxc4 {[%clk
0:11:19]} 31. Qxc4 {[%clk 0:14:49]} Bd5 {[%clk 0:08:17]} 32. Qc2 {[%clk 0:14:12]}
Be6 {[%clk 0:07:38]} 33. Nxf5+ {[%clk 0:08:39]} Rxf5 {[%clk 0:06:56]} 34. Qxe4
{[%clk 0:08:36]} Rxf4 {[%clk 0:06:41]} 35. gxf4 {[%clk 0:08:52]} Qf6 {[%clk
0:06:44]} 36. Qf3 {[%clk 0:04:43]} c4 {[%clk 0:05:38]} 37. e4 {[%clk 0:04:19]}
Qd4+ {[%clk 0:05:03]} 38. Kh1 {[%clk 0:04:48]} Qd3 {[%clk 0:04:11]} 39. Qh5
{[%clk 0:04:49]} c3 {[%clk 0:03:20]} 40. Qg5+ {[%clk 0:33:35]} Kf8 {[%clk
0:32:30]} 41. Qh6+ {[%clk 0:28:23]} Ke7 {[%clk 0:25:31]} 42. f5 {[%clk 0:28:39]}
Bf7 {[%clk 0:25:22]} 43. e5 {[%clk 0:26:03]} Bd5 {[%clk 0:24:34]} 44. Qxh7+
{[%clk 0:20:03]} Ke8 {[%clk 0:19:33]} 45. Qh5+ {[%clk 0:19:44]} Kf8 {[%clk
0:18:39]} 46. Qh6+ {[%clk 0:15:51]} Ke8 {[%clk 0:18:12]} 47. Qg6+ {[%clk
0:15:07]} Kd7 {[%clk 0:17:21]} 48. Rg1 {[%clk 0:13:47]} Kc8 {[%clk 0:17:16]} 49.
e6 {[%clk 0:13:28]} Qe4 {[%clk 0:14:07]} 50. e7 {[%clk 0:11:46]} Rg8 {[%clk
0:13:26]} 51. Qxg8+ {[%clk 0:11:49]} Kc7 {[%clk 0:13:50]} 1-0

[Event "Budimex Polish Women's Championship"]
[Site "www.chessmanager.com"]
[Date "2018.05.17"]
[Round "6"]
[White "Kubicka, Anna"]
[Black "Kulon, Klaudia"]
[Result "0-1"]
[Board "5"]
[WhiteElo "2219"]
[WhiteTitle "WIM"]
[WhiteCountry "POL"]
[WhiteFideId "1152254"]
[WhiteEloChange "-6"]
[BlackElo "2353"]
[BlackTitle "WGM"]
[BlackCountry "POL"]
[BlackFideId "1131044"]
[BlackEloChange "6"]

1. d4 {[%clk 1:30:49]} Nf6 {[%clk 1:30:55]} 2. c4 {[%clk 1:31:13]} g6 {[%clk
1:31:22]} 3. Nc3 {[%clk 1:31:34]} Bg7 {[%clk 1:31:49]} 4. e4 {[%clk 1:31:55]} d6
{[%clk 1:32:16]} 5. Nf3 {[%clk 1:32:18]} O-O {[%clk 1:32:42]} 6. h3 {[%clk
1:32:42]} Na6 {[%clk 1:33:07]} 7. Be3 {[%clk 1:32:59]} e5 {[%clk 1:33:30]} 8. d5
{[%clk 1:33:17]} Nh5 {[%clk 1:33:45]} 9. g3 {[%clk 1:33:37]} Qe8 {[%clk 1:34:05]}
10. Be2 {[%clk 1:33:15]} f5 {[%clk 1:34:30]} 11. exf5 {[%clk 1:33:40]} gxf5
{[%clk 1:34:56]} 12. Nh4 {[%clk 1:33:11]} Nf6 {[%clk 1:35:19]} 13. Qc2 {[%clk
1:31:53]} f4 {[%clk 1:35:31]} 14. gxf4 {[%clk 1:30:56]} exf4 {[%clk 1:35:56]} 15.
Bd4 {[%clk 1:30:15]} f3 {[%clk 1:35:52]} 16. Nxf3 {[%clk 1:28:16]} Nb4 {[%clk
1:36:18]} 17. Qd2 {[%clk 1:22:50]} Bf5 {[%clk 1:36:26]} 18. O-O-O {[%clk
1:08:37]} Ne4 {[%clk 1:36:12]} 19. Rhg1 {[%clk 0:50:40]} Bg6 {[%clk 1:36:10]} 20.
Qe3 {[%clk 0:19:57]} Nxc3 {[%clk 1:33:36]} 21. bxc3 {[%clk 0:19:53]} Qa4 {[%clk
1:30:12]} 22. Qe6+ {[%clk 0:17:10]} Rf7 {[%clk 1:29:56]} 23. Rd2 {[%clk 0:15:38]}
Re8 {[%clk 1:24:19]} 24. Qg4 {[%clk 0:15:46]} Nxa2+ {[%clk 1:24:06]} 25. Kb2
{[%clk 0:15:32]} Nxc3 {[%clk 1:24:09]} 26. Bxg7 {[%clk 0:09:21]} Qb4+ {[%clk
1:24:27]} 0-1